Villes ayant accueilli une Finale de LDC - Statistiques

Statistiques générales
  • Ce quiz a été pris 154 fois
  • Le résultat moyen est 23 sur 28
Statistiques - réponses
Pays Ville % Correct
France Paris
98%
Allemagne Berlin
97%
Allemagne Munich
97%
Espagne Madrid
96%
Espagne Barcelone
95%
Angleterre Londres
95%
Italie Rome
94%
Italie Milan
93%
Pays-Bas Amsterdam
92%
Grece Athenes
92%
Portugal Lisbonne
92%
Russie Moscou
92%
Portugal Porto
92%
Belgique Bruxelles
91%
Angleterre Manchester
90%
Turquie Istanbul
89%
Ukraine Kyiv
89%
Autriche Vienne
89%
Espagne Seville
82%
Pays-Bas Rotterdam
80%
Suisse Berne
79%
Ecosse Glasgow
75%
Serbie Belgrade
74%
Pays de Galles Cardiff
74%
France Saint-Denis
63%
Allemagne Stuttgart
50%
Italie Bari
30%
Allemagne Gelsenkirchen
25%
Aucun quiz correspondant
Distribution des résultats
% des personnes avec chaque résultat
Percentile par nombre de réponses
Votre historique - résultats
Vous n’avez pas pris ce quiz